| 000 | 00883cam a2200289 a 4500 | ||
|---|---|---|---|
| 001 | 000009562 | ||
| 003 | DO-SdBNP | ||
| 005 | 20250602113834.0 | ||
| 008 | 980908s1995 sp a j 000 1 spa | ||
| 020 | _a8420447943 | ||
| 040 |
_aDO-SdBNP _bspa _cLC _dBNPHU |
||
| 049 | _aBNGR | ||
| 082 |
_a863.64 _bM562ó, 1995 |
||
| 100 | 1 |
_aMerino, José María, _d1941- _94124 |
|
| 245 | 1 | 3 |
_aEl oro de los sueños / _cJosé María Merino. |
| 250 | _a23 ed. | ||
| 260 |
_aMadrid : _bAlfaguara, _c1995. |
||
| 300 |
_a186 p. : _bil. ; _c22 cm. |
||
| 490 | 1 | _aRoja | |
| 650 | 4 |
_aNovela española _91123 |
|
| 650 | 4 |
_aNovela juvenil española _924398 |
|
| 650 | 4 |
_aLiteratura española _9632 |
|
| 651 | 0 |
_aAmérica del Sur _xHistoria _yGuerras de Independencia, 1806-1830 _vEnsayo, conferencias, etc. _94537 |
|
| 830 | 0 |
_aRoja. _924400 |
|
| 910 | _aCatalogación derivada | ||
| 942 |
_2ddc _cLBS1 |
||
| 999 |
_c9322 _d9322 |
||